000 00281nam a2200109Ia 4500
008 190216s9999||||xx |||||||||||||| ||und||
100 _aRehond B Mottis
245 0 _aEncyclopedia Of American History
260 _bUniversal Bookstall Newdelhi
650 _aReferences
942 _cREF
999 _c35255
_d35255